| 000 | 00531nam a2200205 a 4500 | ||
|---|---|---|---|
| 003 | a | ||
| 005 | 20250510130632.0 | ||
| 008 | 030920s19uu xx 00 eng d | ||
| 020 | _a0-439-78596-0 | ||
| 050 |
_aFic _bRo97 2007 |
||
| 082 |
_aFic _bRo97 2007 |
||
| 100 | _aRowling, J.K. | ||
| 245 |
_aHarry Potter and the deathly hallows / _cJ.K. Rowling. |
||
| 250 | _aBook 7 | ||
| 260 |
_aNew York : _bScholastic Press, _c2007. |
||
| 300 |
_a870 p. : _bill. ; _c24 cm. |
||
| 650 | _aFiction | ||
| 942 |
_cBK _2ddc |
||
| 999 |
_c39480 _d39480 |
||